000 00796nam a2200181Ia 4500
008 090630s9999 xx 000 0 und d
082 _b25147
100 _aवारंगे राहुल / गावडे शलाका.
245 _aकिल्ल्यांची भटकंती.
_cवारंगे राहुल / गावडे शलाका.
260 _bनवचैतन्य.
_c2005
300 _a136
600 _aवारंगे राहुल / गावडे शलाका.
630 _aकिल्ल्यांची भटकंती.
655 _aप्रवास.
700 _aवारंगे राहुल / गावडे शलाका.
730 _aकिल्ल्यांची भटकंती.
942 _cBOOK
999 _c277003
_d277003